01491nam a22003737a 4500003000500000005001700005008004100022010000900063011000900072035000900081040000900090082002000099110008400119245008800203260003900291300001700330500003100347500001400378590004100392590004100433590004100474590004200515650003600557650003600593700004200629710001000671901000700681942001000688949006200698949006700760999001500827952013500842952014000977CHAP20220817041157.0971013s1983 r 00010 d a7979 a8951 a8185 cCHAP a636.080913bD51 aDiagnóstico Integral de la Ganadería Bovina en el Trópico Mexicano932396 aProyecto IIb: comercialización del ganado bovino en pie en el trópico mexicano a(México, D. F. :bUACH),c(1983) apag. varía ac.2 incluye solo el manual aFotocopia aBATCH-UPDb10c20130110lUCH01h1343 aBATCH-UPDb10c20130410lUCH01h0843 aBATCH-UPDb10c20130914lUCH01h1455 aCONVERSIONb10c20130109lUCH01h130514aGanaderíaxTrópicos.94485614aGanado vacunoxMercadeo.9454810 aDávalos Flores, José Luis.9330840 aUACH. aBK cLIBRO a636.080913 D51bBCcUACHd-18348eUACHh77057i8185mDsi a636.080913 D51bBCcUACHd-18349eUACHfc.2h73320i8185mDsi c7979d7979 00104051708UACHaBCbBCcPA_UACHd2019-12-31fLIBROl0o636.080913 D51p33724002475777r2019-12-31 00:00:00w2019-12-31yLIBRO 00104051708UACHaBCbBCcPA_UACHd2019-12-31fLIBROl0o636.080913 D51p33724002475850r2019-12-31 00:00:00tc.2w2019-12-31yLIBRO